000 00361nam a2200157Ia 4500
008 210210b1941 xxu||||| |||| 00| 0 eng d
041 _aeng
082 _a828/265
100 _aGUEDALLA (Philip)
245 _aMr Churchill
260 _aLondon
_bHodder and Stoughton
_c1941
650 _aMr
650 _aChurchill
690 _aBiography
906 _a016110
999 _c135514
_d135514